[Event "Vignola Weekend-B 9th"]
[Site "Vignola"]
[Date "2010.11.14"]
[Round "4"]
[White "Degli Esposti, Eloisa"]
[Black "Trenti, Filippo"]
[Result "0-1"]
[WhiteElo "1419"]
[BlackElo "1491"]
[PlyCount "80"]
[EventDate "2010.11.12"]
[EventType "swiss"]
[EventRounds "5"]
[EventCountry "ITA"]
[SourceTitle "EXT 2024"]
[Source "ChessBase"]
[SourceDate "2023.10.10"]
[SourceVersion "1"]
[SourceVersionDate "2023.10.10"]
[SourceQuality "1"]

1. e4 e5 2. Nf3 Nc6 3. Nc3 Bb4 4. Bb5 Nf6 5. Bxc6 Bxc3 6. dxc3 dxc6 7. Nxe5 Qxd1+ 8. Kxd1 Nxe4 9. Bf4 Nxf2+ 10. Ke1 Nxh1 11. Ke2 0-0 12. Rxh1 Re8 13. Kd1 Be6 14. Re1 f6 15. Nd3 Bxa2 16. Rxe8+ Rxe8 17. Bxc7 Bc4 18. Nf4 g5 19. Nh5 Kf7 20. Ng3 Kg6 21. b3 Ba6 22. Kd2 h5 23. Kc1 h4 24. Nf1 Re1+ 25. Kd2 Rxf1 26. Bb8 Rf2+ 27. Ke1 Re2+ 28. Kd1 Rxg2 29. Bxa7 Rxh2 30. Bb8 Re2 31. Kc1 h3 32. Kd1 h2 33. Bxh2 Rxh2 34. Ke1 g4 35. c4 g3 36. Kf1 Kg5 37. Kg1 Kg4 38. Kf1 g2+ 39. Kg1 Kg3 40. c3 Rh1# 0-1